MARC details
| 000 -LEADER |
| campo de control de longitud fija |
01553nam a22002897a 4500 |
| 003 - IDENTIFICADOR DE NÚMERO DE CONTROL |
| campo de control |
OSt |
| 005 - FECHA Y HORA DE LA ÚLTIMA TRANSACCIÓN |
| campo de control |
20230628101321.0 |
| 008 - DATOS DE LONGITUD FIJA--INFORMACIÓN GENERAL |
| campo de control de longitud fija |
221006b |||||||| |||| 00| 0 eng d |
| 040 ## - FUENTE DE CATALOGACIÓN |
| Centro/agencia transcriptor |
Biblioteca Lado V |
| 082 ## - NÚMERO DE LA CLASIFICACIÓN DECIMAL DEWEY |
| Número de clasificación |
800 |
| Número de ítem |
Q7e |
| 100 ## - ENTRADA PRINCIPAL--NOMBRE DE PERSONA |
| 9 (RLIN) |
842 |
| Nombre de persona |
Quintanilla Armijo, Raúl |
| Término indicativo de función/relación |
editor |
| 245 ## - MENCIÓN DEL TÍTULO |
| Título |
Estrago/ |
| Resto del título |
pequeña unidad de agresión cooltural/ |
| 260 ## - PUBLICACIÓN, DISTRIBUCIÓN, ETC. |
| Lugar de publicación, distribución, etc. |
Nicaragua |
| Fecha de publicación, distribución, etc. |
2003 |
| Nombre del editor, distribuidor, etc. |
Garabatos |
| 300 ## - DESCRIPCIÓN FÍSICA |
| Dimensiones |
21x22cm |
| Extensión |
100p. |
| 366 ## - INFORMACIÓN SOBRE DISPONIBILIDAD COMERCIAL |
| Nota |
spa |
| 490 ## - MENCIÓN DE SERIE |
| Mención de serie |
1 |
| Designación de volumen o secuencia |
2003 |
| 505 ## - NOTA DE CONTENIDO CON FORMATO |
| Nota de contenido con formato |
La hostia |
| Título |
Sisifo<br/><br/>ABSudario<br/><br/>Dos Caras<br/><br/>Sueño de Maria Elena<br/><br/>Diario del beatifico Fray Odleon Ramo<br/><br/>Vuelos<br/><br/>Bounjour Monsieur Courbet<br/><br/>Oscilaciones y artificios<br/><br/>Doctor No<br/><br/>Nonantzin<br/><br/>Uhm Uhm<br/><br/>Purisima Corrupcion |
| 505 ## - NOTA DE CONTENIDO CON FORMATO |
| Nota de contenido con formato |
La revista |
| Título |
De Plastico que si <br/><br/>crus diablo<br/><br/>ernesto calvo<br/><br/>david craven<br/><br/>gerardo mosquera |
| 505 ## - NOTA DE CONTENIDO CON FORMATO |
| Nota de contenido con formato |
Acoso textual |
| Mención de responsabilidad |
bestiario nacional<br/><br/>el baby shower<br/><br/>arte urbano y otros poemas<br/><br/>la muerte de charles broson<br/><br/>violacion de lucrecia<br/><br/>cuando el amor<br/><br/>la virgen de acahualinca<br/><br/>juanita ahumada mi rosa socialista<br/><br/>fotos<br/><br/>meditaciones en la cola del super<br/><br/>prestige<br/><br/>sueños<br/><br/>desde atras nuestro<br/> |
| 505 ## - NOTA DE CONTENIDO CON FORMATO |
| Nota de contenido con formato |
Minima moralia |
| Título |
La marca |
| 650 ## - PUNTO DE ACCESO ADICIONAL DE MATERIA--TÉRMINO DE MATERIA |
| Fuente del encabezamiento o término |
Tesauro de Arte & Arquitectura |
| Término de materia o nombre geográfico como elemento de entrada |
ARTE |
| 9 (RLIN) |
703 |
| 650 ## - PUNTO DE ACCESO ADICIONAL DE MATERIA--TÉRMINO DE MATERIA |
| Fuente del encabezamiento o término |
Tesauro de Arte & Arquitectura |
| Término de materia o nombre geográfico como elemento de entrada |
Literatura |
| 9 (RLIN) |
702 |
| 650 ## - PUNTO DE ACCESO ADICIONAL DE MATERIA--TÉRMINO DE MATERIA |
| Fuente del encabezamiento o término |
Tesauro de Arte & Arquitectura |
| Término de materia o nombre geográfico como elemento de entrada |
POESIA |
| 9 (RLIN) |
702 |
| 650 ## - PUNTO DE ACCESO ADICIONAL DE MATERIA--TÉRMINO DE MATERIA |
| Fuente del encabezamiento o término |
Tesauro de Arte & Arquitectura |
| Término de materia o nombre geográfico como elemento de entrada |
NARRACION |
| 650 ## - PUNTO DE ACCESO ADICIONAL DE MATERIA--TÉRMINO DE MATERIA |
| Fuente del encabezamiento o término |
Tesauro de Arte & Arquitectura |
| Término de materia o nombre geográfico como elemento de entrada |
ESPAÑOL |
| 942 ## - ELEMENTOS DE ENTRADA SECUNDARIOS (KOHA) |
| Fuente del sistema de clasificación o colocación |
Clasificación Decimal Dewey |
| Tipo de ítem Koha |
Libros |
| Parte de la signatura que corresponde a la clasificación (Parte de la clasificación) |
800 |
| Parte de la signatura que identifica el ejemplar (Parte del ítem) |
Q7e |
| Suprimir en OPAC |
No |